| 000 | 02322cam a2200313 4500500 | ||
|---|---|---|---|
| 005 | 20260322010849.0 | ||
| 041 | _afre | ||
| 042 | _adc | ||
| 100 | 1 | 0 |
_aOukropec, Jindřich _eauthor |
| 245 | 0 | 0 | _aThéorie de la paracrise : se défendre contre les risques réputationnels |
| 260 | _c2026. | ||
| 500 | _a63 | ||
| 520 | _aLe déplacement massif de la communication sociale vers les plateformes numériques a fait émerger un défi inédit pour les organisations : la paracrise. Dans un environnement où chacun peut dire presque n’importe quoi sur n’importe quel acteur, la réputation se trouve exposée à une vulnérabilité permanente. Les organisations sont ainsi confrontées à des situations délicates – des paracrises – qui les obligent à réagir à des atteintes publiques à leur réputation diffusées dans l’espace en ligne. L’article propose un cadre théorique et un outil décisionnel permettant de mieux comprendre et gérer ces incidents à l’ère de l’incertitude réputationnelle. | ||
| 520 | _aThe massive shift of social communication toward digital platforms has introduced a new challenge for organizations: the paracrisis. In an environment where anyone can say virtually anything about any actor, organizational reputation is exposed to a state of permanent vulnerability. Organizations are therefore confronted with delicate situations—paracrises—that compel them to respond to public reputation threats circulating in online spaces. This article offers a theoretical framework and a decision-making tool designed to improve the understanding and management of such incidents in an era of reputational uncertainty. | ||
| 690 | _acommunication de crise | ||
| 690 | _adécision managériale | ||
| 690 | _amédias sociaux | ||
| 690 | _amésinformation | ||
| 690 | _aparacrise | ||
| 690 | _aréputation organisationnelle | ||
| 690 | _acrisis communication | ||
| 690 | _amanagerial decision-making | ||
| 690 | _amisinformation | ||
| 690 | _aorganisational reputation | ||
| 690 | _aparacrisis | ||
| 690 | _asocial media | ||
| 786 | 0 | _nCommunication & Organisation | - | 2 | 2026-03-18 | p. 197-213 | 1168-5549 | |
| 856 | 4 | 1 | _uhttps://shs.cairn.info/revue-communication-et-organisation-2025-2-page-197?lang=fr&redirect-ssocas=7080 |
| 999 |
_c1760176 _d1760176 |
||